书目信息 |
| 题名: |
声全息导论
|
|
| 作者: | Hildebrand , 布伦登 , Brenden , 希尔德布兰德 著 ;韦宝锷 译 | |
| 分册: | ||
| 出版信息: | 北京 科学出版社 1978 |
|
| 页数: | 238页 | |
| 开本: | 19cm | |
| 丛书名: | ||
| 单 册: | ||
| 中图分类: | TB877.2 | |
| 科图分类: | ||
| 主题词: | 声全息照相--基本知识 | |
| 电子资源: | ||
| ISBN: | ||
| 000 | 00925nam0 2200289 45 | |
| 001 | 0178001191 | |
| 005 | 20060728081036.25 | |
| 010 | @dCNY0.80 | |
| 091 | @a13031.933 | |
| 100 | @a19950801d1978 em y0chiy0121 ea | |
| 101 | 1 | @achi@ceng |
| 102 | @aCN@b110000 | |
| 105 | @ay z 000yy | |
| 200 | 10 | @a声全息导论@Asheng quan xi dao lun@f( )希尔德布兰德(B.P.Hildebrand,( )布伦登(B.B.Brenden)著@g韦宝锷译 |
| 210 | @a北京@c科学出版社@d1978 | |
| 215 | @a238页@d19cm | |
| 300 | @a书名原文:An introduction to acoustical holography | |
| 510 | 1 | @aAn introduction to acoustical holography@zeng |
| 606 | @a声全息照相@x基本知识 | |
| 690 | @aTB877.2@v3 | |
| 701 | A1 | @aHildebrand@bB.P.@4著 |
| 701 | 1 | @a布伦登@Abu lun deng@bB.B.@4著 |
| 701 | A1 | @aBrenden@bB.B.@4著 |
| 701 | 1 | @a希尔德布兰德@Axi er de bu lan de@bB.P.@4著 |
| 702 | 0 | @a韦宝锷@Awei bao e@4译 |
| 801 | 0 | @aCN@bTSSF@c20060728 |
| 905 | @a10447@dTB877.2@e118 | |
| 声全息导论/( )希尔德布兰德(B.P.Hildebrand,( )布伦登(B.B.Brenden)著/韦宝锷译.-北京:科学出版社,1978 |
| 238页;19cm |
| 书名原文:An introduction to acoustical holography |
| ISBN :CNY0.80 |
| ● |
| 相关链接 |
|
|
|
|
正题名:声全息导论
索取号:TB877.2/118
 
预约/预借
| 序号 | 登录号 | 条形码 | 馆藏地/架位号 | 状态 | 备注 |
| 1 | 0438899 | 204388992 | 密集书库/ [索取号:TB877.2/118] | 在馆 |